Lectures on administrative law / (Record no. 79882)
[ view plain ]
| 000 -LEADER | |
|---|---|
| fixed length control field | 00909nam a2200277 a 4500 |
| 001 - CONTROL NUMBER | |
| control field | 79882 |
| 003 - CONTROL NUMBER IDENTIFIER | |
| rucl marc code | BD-RjUL |
| 005 - DATE AND TIME OF LATEST TRANSACTION | |
| control field | 20230515115719.0 |
| 008 - FIXED-LENGTH DATA ELEMENTS--GENERAL INFORMATION | |
| fixed length control field | 220530r20222021ii b 001 0 eng d |
| 020 ## - INTERNATIONAL STANDARD BOOK NUMBER | |
| International Standard Book Number | 9789390715664 |
| 035 ## - SYSTEM CONTROL NUMBER | |
| System control number | (BD-RjUL)79882 |
| 040 ## - CATALOGING SOURCE | |
| Original cataloging agency | DKAGE |
| Language of cataloging | eng |
| Transcribing agency | DKAGE |
| Modifying agency | OCLCQ |
| -- | NDL |
| -- | BD-RjUL |
| 041 ## - LANGUAGE CODE | |
| Language code of text/sound track or separate title | eng |
| 082 04 - DEWEY DECIMAL CLASSIFICATION NUMBER | |
| Edition number | 22 |
| Classification number | 342.5406 |
| Author mark and year | THL 2022 |
| 100 1# - MAIN ENTRY--PERSONAL NAME | |
| Personal name | Takwani, C. K., |
| Dates associated with a name | 1943- |
| 9 (RLIN) | 3302 |
| 245 10 - TITLE STATEMENT | |
| Title | Lectures on administrative law / |
| Statement of responsibility, etc. | C.K. Thakker (Takwani) and M.C. Thakker ; foreword by D.A. Desai. |
| 246 30 - VARYING FORM OF TITLE | |
| Title proper/short title | Administrative law |
| 250 ## - EDITION STATEMENT | |
| Edition statement | 7th ed. |
| 260 ## - PUBLICATION, DISTRIBUTION, ETC. (IMPRINT) | |
| Place of publication, distribution, etc. | Lucknow : |
| Name of publisher, distributor, etc. | Eastern Book Co., |
| Date of publication, distribution, etc. | 2021, [reprint 2022] |
| 300 ## - PHYSICAL DESCRIPTION | |
| Pagination | lxvi, 566 p. ; |
| Size | 25 cm. |
| 504 ## - BIBLIOGRAPHY, ETC. NOTE | |
| Bibliography, etc | Includes bibliographical reference and index. |
| 650 #0 - SUBJECT ADDED ENTRY--TOPICAL TERM | |
| Topical term or geographic name as entry element | Administrative law |
| Geographic subdivision | India. |
| 9 (RLIN) | 3303 |
| Topical term or geographic name as entry element | Administrative law |
| Geographic subdivision | India |
| Form subdivision | Textbooks. |
| 9 (RLIN) | 3304 |
| 700 1# - ADDED ENTRY--PERSONAL NAME | |
| Personal name | Thakker, M. C. |
| 942 ## - ADDED ENTRY ELEMENTS (KOHA) | |
| Source of classification or shelving scheme | Dewey Decimal Classification |
| Koha item type | Books |
| Lost status | Source of classification or shelving scheme | Damaged status | Not for loan | Collection code | Permanent Location | Current Location | Shelving location | Date acquired | Source of acquisition | Cost, normal purchase price | Total Checkouts | Full call number | Date last seen | Copy number | Koha item type | Checked out | Date checked out |
|---|---|---|---|---|---|---|---|---|---|---|---|---|---|---|---|---|---|
| Dewey Decimal Classification | Not For Loan | Non-fiction | Central Library, University of Rajshahi | Central Library, University of Rajshahi | Reading Room | 26/04/2022 | Dhaka: Paragon Enter. | 1073.00 | 342.5406 THL 2021 | 30/05/2022 | C-1 | Books | |||||
| Dewey Decimal Classification | Non-fiction | Central Library, University of Rajshahi | Central Library, University of Rajshahi | General Stacks | 26/04/2022 | Dhaka: Paragon Enter. | 1073.00 | 4 | 342.5406 THL 2021 | 28/04/2026 | C-2 | Books | 13/05/2026 | 28/04/2026 | |||
| Dewey Decimal Classification | Non-fiction | Central Library, University of Rajshahi | Central Library, University of Rajshahi | General Stacks | 11/05/2023 | Dhaka : Book Finder | 1079.60 | 1 | 342.5406 THL 2022 | 20/02/2024 | C-3 | Books | 28/01/2024 | ||||
| Dewey Decimal Classification | Non-fiction | Central Library, University of Rajshahi | Central Library, University of Rajshahi | General Stacks | 11/05/2023 | Dhaka : Book Finder | 1079.60 | 342.5406 THL 2022 | 15/05/2023 | C-4 | Books |